000 00369nam a2200169Ia 4500
003 0100
008 130303s9999 xx 000 0 und d
040 _cARRUPELIB
050 _aBV600.2.D781974
100 _aDulles, Avery
245 _aModels of the Church
260 _aNY
260 _bDoubleday Company Inc
260 _C1974
300 _a216p
942 0 0 _05
999 _c30386
_d30386